000 00331nam a22001217a 4500
999 _c4314
_d4314
008 250206b ||||| |||| 00| 0 eng d
020 _a9781482455755
082 _a394.26
100 _aMURPHY,CHARLES
_eAUTHOR
245 _aCELEBRATIONS AROUND THE WORLD
260 _aGARETH STEVENS BUILDING
_bGARETH STEVENS PUBLISHING
942 _2ddc